000 00657nam a2200241Ia 4500
003 OSt
005 20221007072228.0
006 a|||||r|||| 00| 0
007 ta
008 221006b |||||||| |||| 00| 0 eng d
024 _a25,226
037 _cTextual
040 _aFLL
_cFLL
_beng
041 _2eng
_aeng
082 _aZ3,5, M9
100 _aWright Martin Ed.
_9690308
245 0 _aMeditation and criminal justice
260 _aLondon
_bSage Publications UK
_c1989
300 _aviii,280p
_ccm.
700 _a Galaway Burt
_9690309
942 _hZ3,5, M9
_cTEXL
_2CC
999 _c1145482
_d1145482